000 00677nam a2200181Ia 4500
008 090124s9999 xx 000 0 und d
082 _b31015
_a2888
100 _aगडकरी राम गणेश (गोविंदाग्रज)
245 _a संगीत एकच प्याला
250 _a1
260 _c2001
300 _a136
600 _aगडकरी राम गणेश (गोविंदाग्रज)
630 _a संगीत एकच प्याला
700 _aगडकरी राम गणेश (गोविंदाग्रज)
730 _a संगीत एकच प्याला
942 _cBOOK
999 _c144495
_d144495